=LDR 00000nam 2200000 4500 =001 NUTBA000000000002566 =005 20140620100215.0 =006 =007 =008 =020 ##$$a 979-571-198-7 =035 ##$$a 0010-061400000000509 =040 ##$$a NBPDMAT =082 ##$$a 641.5 =090 ##$$a 641.5 $b Han a =100 ##$$a Hanifa N =245 ##$$a Aneka makanan dari tepung ketan dan umbi-umbian / $c Hanifa N, Luthfi ; editor, Ai Nurhayati =250 ##$$a Cet. 5 =260 ##$$a Jakarta : $b Azka Press, $c 2006 =300 ##$$a 148 hlm. : $b ilus. ; $c 21 cm. =500 ##$$a Bibliografi : hlm. 148 =650 ##$$a Masakan dari tepung =990 ##$$a 21401827 =990 ##$$a 1110111101 =990 ##$$a 21401830 =990 ##$$a 21400613/BPAP-NTB/20142014 =990 ##$$a 21400613/BPAP-NTB/20142014 =990 ##$$a 21401829 =990 ##$$a 21401831 =990 ##$$a 01201711101